| 000 | 00340nam a2200133 4500 | ||
|---|---|---|---|
| 040 | _cDLC | ||
| 082 | 0 | 0 | _a512 GOO 1970 A023 Or. |
| 245 | 0 | 0 | _aCollege algebra |
| 260 |
_aPacific Palisades, Calif., _bGoodyear Pub. Co. _c[1970] |
||
| 300 |
_ax, 378 p. _billus. _c24 cm. |
||
| 650 | 0 | _aAlgebra. | |
| 700 | 1 | _aBryant, Steven Jerome, | |
| 942 | _cEK | ||
| 999 |
_c16223 _d16223 |
||